000 00341nam a2200145Ia 4500
008 221030s9999 xx 000 0 und d
020 _a0333387147
041 _aEnglish
100 _aG. G. L. Wright
245 0 _aMastering Computers
_cby G. G. L. Wright
260 _b-
_a-
_c1985
300 _a227
650 _aBB Computer
942 _cBK
999 _c18859
_d18859